| 000 | 00833nam a2200241Ia 4500 | ||
|---|---|---|---|
| 003 | OSt | ||
| 005 | 20220923224558.0 | ||
| 006 | a|||||r|||| 00| 0 | ||
| 007 | ta | ||
| 008 | 220922b |||||||| |||| 00| 0 pan d | ||
| 020 | _c200 | ||
| 024 | _a243,639 | ||
| 037 |
_b307, 08/10/2010, H.K. Prakashan _cTextual |
||
| 040 |
_aARTS _cARTS _bpan |
||
| 041 |
_2pan _apan |
||
| 082 | _aO153,1M81:g, P4 | ||
| 100 | _aਸਾਧੂ ਸਿੰਘ | ||
| 245 | 0 | _aਸ਼ਚਗ਼ਅ ਛਜਅਪੀ ਦ਼ ਾ਼ਡ ਤਜਦੀ਼ਅਵ; ਪੂਰਨ ਸਿੰਘ ਦਾ ਕਾਵਿ-ਸਿਧਾਂਤ | |
| 260 |
_aਲੁਧਿਆਣਾ _b ਚੇਤਨਾ _c2004 |
||
| 300 |
_a216ਪੰ _ccm. |
||
| 942 |
_hO153,1M81:g, P4 _cTEXL _2CC |
||
| 999 |
_c372325 _d372325 |
||